[Event "HUN-chT2 Toth 0910"]
[Site "Hungary"]
[Date "2009.11.08"]
[Round "1.4"]
[White "Boka, Zoltan"]
[Black "Sandor, Imre"]
[Result "0-1"]
[WhiteElo "1940"]
[BlackElo "1913"]
[PlyCount "94"]
[EventDate "2009.11.08"]
[EventType "team-tourn"]
[EventRounds "11"]
[EventCountry "HUN"]
[SourceTitle "EXT 2011"]
[Source "ChessBase"]
[SourceDate "2010.11.26"]
[SourceVersion "1"]
[SourceVersionDate "2010.11.26"]
[SourceQuality "1"]
[WhiteTeam "Szentes Spartacus"]
[BlackTeam "Nadudvar"]
[WhiteTeamCountry "HUN"]
[BlackTeamCountry "HUN"]

1. e4 d6 2. Nf3 Nf6 3. Nc3 g6 4. Bc4 Bg7 5. 0-0 0-0 6. d3 a6 7. a4 c5 8. Re1 Nc6 9. Nd5 Nxd5 10. exd5 Ne5 11. Nxe5 Bxe5 12. c3 Bd7 13. Bg5 Re8 14. h4 Bg7 15. Qd2 f6 16. Bh6 b5 17. Bb3 Rb8 18. axb5 axb5 19. Bxg7 Kxg7 20. Ra7 Qc8 21. Rea1 Rb7 22. R7a6 Bf5 23. f3 h5 24. d4 cxd4 25. Qxd4 Qc5 26. Rd1 Qxd4+ 27. Rxd4 Rc8 28. Rd1 Kf7 29. Rda1 g5 30. hxg5 fxg5 31. Kf2 Bd3 32. Rc6 Rcb8 33. Re1 h4 34. Ra1 Bc4 35. Ra3 b4 36. cxb4 Bxb3 37. Rxb3 Rxb4 38. Re3 Rxb2+ 39. Kg1 Rd2 40. Rc7 Re8 41. Re6 Rxd5 42. Rh6 Rd4 43. Rh7+ Kf6 44. Kh2 Rd2 45. Kh3 Re2 46. g4 Ra8 47. Rc1 Raa2 0-1

[Event "HUN-chT2 Toth 0809"]
[Site "Hungary"]
[Date "2009.04.19"]
[Round "11.3"]
[White "Prorok, Marton"]
[Black "Sandor, Imre"]
[Result "1-0"]
[WhiteElo "2036"]
[BlackElo "1935"]
[PlyCount "87"]
[EventDate "2008.10.26"]
[EventType "tourn"]
[EventRounds "11"]
[EventCountry "HUN"]
[SourceTitle "EXT 2010"]
[Source "ChessBase"]
[SourceDate "2010.11.25"]
[SourceVersion "1"]
[SourceVersionDate "2010.11.25"]
[SourceQuality "1"]
[WhiteTeam "Mezobereny"]
[BlackTeam "Nadudvar"]
[WhiteTeamCountry "HUN"]
[BlackTeamCountry "HUN"]

1. e4 d6 2. f4 Nf6 3. Nc3 g6 4. d4 Bg7 5. Bc4 e6 6. e5 Nfd7 7. Nf3 d5 8. Bd3 a6 9. a4 c5 10. 0-0 0-0 11. dxc5 Nxc5 12. Be3 Ncd7 13. Nd4 Nc6 14. Nce2 Qc7 15. Qd2 Ne7 16. Rfc1 Nb6 17. Qa5 Qd8 18. Nxe6 Bxe6 19. Bxb6 Qd7 20. Nd4 Nc6 21. Nxc6 Qxc6 22. b4 Bh6 23. Rf1 Rfc8 24. Bd4 Bf8 25. b5 axb5 26. Qxb5 Bd7 27. Qxc6 bxc6 28. Bb6 c5 29. a5 c4 30. Be2 Ra6 31. Bf3 Be6 32. Rfb1 Bc5+ 33. Kf1 Rc6 34. Bd8 Rc8 35. Bg5 Kg7 36. Rd1 Bb4 37. Bxd5 Rxa5 38. Rxa5 Bxa5 39. Bxe6 fxe6 40. Rd7+ Kg8 41. Re7 Rc6 42. Bh6 Bd2 43. Rg7+ Kf8 44. Rc7+ 1-0

[Event "HUN-chT2 Toth 0708"]
[Site "Hungary"]
[Date "2007.11.25"]
[Round "3"]
[White "Sandor, Imre"]
[Black "Kovacs, Adrian"]
[Result "0-1"]
[WhiteElo "2088"]
[BlackElo "2254"]
[PlyCount "76"]
[EventDate "2007.10.14"]
[EventType "team-tourn"]
[EventRounds "11"]
[EventCountry "HUN"]
[SourceTitle "EXT 2009"]
[Source "ChessBase"]
[SourceDate "2008.11.26"]
[SourceVersion "1"]
[SourceVersionDate "2008.11.26"]
[SourceQuality "1"]
[WhiteTeam "Nadudvar"]
[BlackTeam "Takisz"]
[WhiteTeamCountry "HUN"]
[BlackTeamCountry "HUN"]

1. Nf3 Nf6 2. g3 c5 3. d3 Nc6 4. Bg2 g6 5. c4 Bg7 6. a3 0-0 7. 0-0 d5 8. cxd5 Nxd5 9. Nbd2 b6 10. Qb3 Bb7 11. Rb1 Qd7 12. Ne4 Rac8 13. Nfg5 Nd4 14. Qd1 Bc6 15. e3 Nb5 16. Qb3 Nbc7 17. Bh3 e6 18. Qd1 f5 19. Nd2 Ba4 20. Qe2 Bc2 21. Ra1 Qb5 22. Nc4 Qb3 23. Qf3 Qxd3 24. Nd2 h6 25. e4 hxg5 26. exd5 g4 27. Bxg4 fxg4 28. Qxg4 exd5 29. Re1 Qf5 30. Qxf5 Rxf5 31. Re7 Bd4 32. Kg2 Rxf2+ 33. Kh3 Bf6 34. Re3 Kg7 35. g4 Bg5 36. Rf3 Rh8+ 37. Kg3 Rfxh2 38. Nf1 R8h3# 0-1

[Event "HUN-chT2 Barcza 0405"]
[Site "Hungary"]
[Date "2005.04.24"]
[Round "11"]
[White "Toth, Sandor Sr"]
[Black "Sandor, Imre"]
[Result "1-0"]
[WhiteElo "1870"]
[BlackElo "1945"]
[PlyCount "89"]
[EventDate "2004.09.26"]
[EventType "team-tourn"]
[EventRounds "11"]
[EventCountry "HUN"]
[SourceTitle "EXT 2009"]
[Source "ChessBase"]
[SourceDate "2008.11.26"]
[SourceVersion "1"]
[SourceVersionDate "2008.11.26"]
[SourceQuality "1"]
[WhiteTeam "Hajduszoboszlo"]
[BlackTeam "Nadudvar"]
[WhiteTeamCountry "HUN"]
[BlackTeamCountry "HUN"]

1. c4 Nf6 2. Nc3 g6 3. g3 Bg7 4. Bg2 d6 5. d3 c5 6. Bd2 a6 7. Qc1 Nc6 8. Rb1 Rb8 9. a3 Nd4 10. b4 cxb4 11. Rxb4 0-0 12. Nf3 Nxf3+ 13. Bxf3 Nd7 14. 0-0 Ne5 15. Bg2 a5 16. Rb3 b6 17. Qc2 Bb7 18. Rfb1 Bxg2 19. Kxg2 e6 20. Be3 Nd7 21. Na4 Qc7 22. Nxb6 Nxb6 23. Bxb6 Qc6+ 24. Kg1 a4 25. Rb5 d5 26. c5 Ra8 27. Ba5 Rfc8 28. R1b4 h5 29. e3 d4 30. e4 f5 31. exf5 exf5 32. Qxa4 Re8 33. Rb1 Qf3 34. Qd1 Re2 35. Qf1 Qxd3 36. Rb8+ Rxb8 37. Rxb8+ Kh7 38. Rb2 Qxa3 39. Rxe2 Qxa5 40. Rc2 Qa4 41. Rc1 Qc6 42. Qg2 Qb5 43. c6 d3 44. c7 d2 45. c8Q 1-0

[Event "HUN-chT2 Barcza 0405"]
[Site "Hungary"]
[Date "2005.01.23"]
[Round "6"]
[White "Gunyecz, Zoltan"]
[Black "Sandor, Imre"]
[Result "0-1"]
[WhiteElo "2060"]
[BlackElo "1945"]
[PlyCount "64"]
[EventDate "2004.09.26"]
[EventType "team-tourn"]
[EventRounds "11"]
[EventCountry "HUN"]
[SourceTitle "EXT 2009"]
[Source "ChessBase"]
[SourceDate "2008.11.26"]
[SourceVersion "1"]
[SourceVersionDate "2008.11.26"]
[SourceQuality "1"]
[WhiteTeam "Szabolcs Volan"]
[BlackTeam "Nadudvar"]
[WhiteTeamCountry "HUN"]
[BlackTeamCountry "HUN"]

1. d4 Nf6 2. c4 g6 3. Nc3 Bg7 4. e4 d6 5. Be2 a6 6. Nf3 0-0 7. Bg5 h6 8. Bh4 Nbd7 9. 0-0 c5 10. d5 Rb8 11. Nd2 Ne8 12. a4 Nc7 13. Qc2 Nf6 14. h3 Bd7 15. a5 b5 16. axb6 Rxb6 17. f4 Nh7 18. Nf3 f5 19. e5 g5 20. Na4 Bxa4 21. Rxa4 gxh4 22. Bd3 Qe8 23. Nxh4 dxe5 24. Bxf5 Rxf5 25. Qxf5 exf4 26. Qxf4 Bd4+ 27. Kh1 Rf6 28. Qg3+ Ng5 29. Nf5 Rxf5 30. Rxf5 Qxa4 31. h4 Qd1+ 32. Kh2 Qg1# 0-1

[Event "HUN-chT2 Barcza 0304"]
[Site "Hungary"]
[Date "2004.01.25"]
[Round "6"]
[White "Pal, Ferenc"]
[Black "Sandor, Imre"]
[Result "1-0"]
[WhiteElo "2029"]
[BlackElo "1957"]
[PlyCount "25"]
[EventDate "2003.08.29"]
[EventType "team-tourn"]
[EventRounds "11"]
[EventCountry "HUN"]
[SourceTitle "EXT 2009"]
[Source "ChessBase"]
[SourceDate "2008.11.26"]
[SourceVersion "1"]
[SourceVersionDate "2008.11.26"]
[SourceQuality "1"]
[WhiteTeam "Piremon II"]
[BlackTeam "Nadudvar"]
[WhiteTeamCountry "HUN"]
[BlackTeamCountry "HUN"]

1. e4 d6 2. d4 Nf6 3. Nc3 g6 4. Nf3 Bg7 5. Be3 Nbd7 6. Qd2 Ng4 7. Bc4 Nxe3 8. fxe3 e6 9. h4 Nf6 10. 0-0-0 e5 11. Ng5 Ng4 12. dxe5 Bh6 13. Rhe1 1-0